Λεωνής : μυθιστόρημα

Saved in:
Bibliographic Details
Main Author: Θεοτοκάς, Γιώργος, 1905-1966
Format: Book
Language:Greek
Published: Αθήνα : Εστία, c1999.
Edition:18η έκδ.
Series:Νεοελληνική λογοτεχνία (Εστία) ; 89
Subjects:
Tags: Add Tag
No Tags, Be the first to tag this record!

MARC

LEADER 00000cam a2200000 i 4500
001 1/103549
008 000301s1999 gr | ||| |||| ||gre||
020 |a 9600501890  
035 |l 10058513 
040 |a GR-MY-UA  |b gre  |e aacr 
041 0 |a gre 
082 0 |a 889.34  
100 1 |a Θεοτοκάς, Γιώργος,   |d 1905-1966. 
245 1 0 |a Λεωνής :   |b μυθιστόρημα /   |c Γιώργου Θεοτοκά  
250 |a 18η έκδ.  
260 |a Αθήνα :   |b Εστία,   |c c1999.  
300 |a 181 σ.  |c 18 εκ.  
490 1 |a Νεοελληνική λογοτεχνία   |v ; 89 
500 |a Το Παράρτημα Λήμνου έχει την 11η έκδ. (ανατύπωση).  
650 0 0 |a Greek fiction, Modern. 
650 0 0 |a Greek literature, Modern. 
830 0 |a Νεοελληνική λογοτεχνία (Εστία)  |v ; 89  
852 |a INST  |b LEMNOS  |e 20150612  |h 889.3 ΘΕΟ  |p 005600001467  |q 005600001467  |t BK  |y 0 
852 |a INST  |b LESVOS  |e 20000301  |h 889.34 ΘΕΟ  |p 005100020447  |q 005100020447  |t BK  |y 0 
922 |a 1ΕΛΗ  |b 199912  |c ΚΠΣ/ΤΚΑ  |d EMVASIS 
950 |a 117-1999-12-16 
970 |a Τζαφέρη  |b Ευαγγελία  |z 2000/03/06